000 00441nam a2200157 i 4500
001 150778
003 ES-MaACL
005 20230906203707.0
007 t|
008 071112s1928 fr ||||1| fre d
100 1 _aAubert, Alfred.
_923793
245 1 0 _aBriand
_b: sa vie politique, l'orateur, l'homme, son oeuvre /
_cAlfred Aubert.
260 _aParis :
_bE. Chiron,
_c1928.
300 _a285 p. ;
_c19 cm.
852 _aES-MaACL
_jB-12565
999 _c150778
_d150778